000 00245nam a22001097a 4500
082 _a004
100 _aChoubeyh,Santosh
_983802
245 _aData Structure Through C++
260 _aBhopal
_bAisect
_c2024
650 _aComputer
942 _cC. BOOKS
999 _c68787
_d68787